[Event "Asian-ch Seniors zt 50 3.1"]
[Site "Chess.com INT"]
[Date "2020.07.13"]
[Round "3.10"]
[White "Kifah, Saleem Ayoob"]
[Black "Barakat, Dilkhwaz"]
[Result "0-1"]
[WhiteElo "1325"]
[BlackElo "1809"]
[PlyCount "70"]
[EventDate "2020.07.13"]
[EventType "swiss"]
[EventRounds "7"]
[EventCountry "JOR"]
[SourceTitle "EXT 2024"]
[Source "ChessBase"]
[SourceDate "2023.10.10"]
[SourceVersion "1"]
[SourceVersionDate "2023.10.10"]
[SourceQuality "1"]

1. d4 f5 2. c4 Nf6 3. Nc3 e6 4. Nf3 c6 5. g3 d5 6. cxd5 cxd5 7. Bg2 Nc6 8. 0-0 Bd6 9. Bg5 0-0 10. Re1 h6 11. Bxf6 Qxf6 12. Nb5 Bb8 13. a3 a6 14. Nc3 Bd6 15. Rc1 Bd7 16. b4 b5 17. Qb3 Nxd4 18. Nxd4 Qxd4 19. e3 Qf6 20. a4 Qe7 21. Rb1 Rac8 22. axb5 axb5 23. f3 Rc4 24. Na2 Rfc8 25. e4 fxe4 26. fxe4 dxe4 27. Bxe4 Qf6 28. Qd3 Rd4 29. Qxb5 Bxb5 30. Nc3 Bd3 31. Bxd3 Rxd3 32. Ne4 Qd4+ 33. Kf1 Rf8+ 34. Kg2 Re3 35. Rbd1 Qxe4+ 0-1

[Event "Asian-ch Seniors zt 50 3.1"]
[Site "Chess.com INT"]
[Date "2020.07.13"]
[Round "1.3"]
[White "Mohammed Ali, Madial Kinani"]
[Black "Barakat, Dilkhwaz"]
[Result "1-0"]
[WhiteElo "2094"]
[BlackElo "1809"]
[PlyCount "103"]
[EventDate "2020.07.13"]
[EventType "swiss"]
[EventRounds "7"]
[EventCountry "JOR"]
[SourceTitle "EXT 2024"]
[Source "ChessBase"]
[SourceDate "2023.10.10"]
[SourceVersion "1"]
[SourceVersionDate "2023.10.10"]
[SourceQuality "1"]

1. e4 c6 2. d4 d5 3. e5 Bf5 4. g4 Bd7 5. f3 e6 6. Kf2 c5 7. c3 Nc6 8. Be3 h5 9. Bd3 hxg4 10. fxg4 Qh4+ 11. Kg2 Nh6 12. h3 0-0-0 13. Bf2 Qe7 14. Nd2 c4 15. Bc2 f5 16. Ndf3 g6 17. Bh4 Qf7 18. Bxd8 Nxd8 19. g5 Ng8 20. Ne2 Ne7 21. Nf4 Ndc6 22. Ba4 Kb8 23. Bxc6 Nxc6 24. b3 Be7 25. bxc4 dxc4 26. d5 exd5 27. Qxd5 Qe8 28. Rab1 Bc8 29. a4 Bd8 30. Qd6+ Bc7 31. Qxg6 Qf8 32. Qxc6 Qa3 33. Ne6 Qa2+ 34. Kg3 Bb6 35. Qd6+ Ka8 36. Rhf1 f4+ 37. Kxf4 Bxe6 38. Qxe6 Rf8+ 39. Kg3 Qxa4 40. Qe7 Re8 41. Qd6 Qc2 42. Rxb6 Qxc3 43. Rxb7 Qd3 44. Qxd3 cxd3 45. Rd7 Rf8 46. Ra1 d2 47. Raxa7+ Kb8 48. Rdb7+ Kc8 49. Nxd2 Rf5 50. Ne4 Rxe5 51. Nd6+ Kd8 52. Rb8# 1-0

[Event "Asian-ch Seniors zt 50 3.1"]
[Site "Chess.com INT"]
[Date "2020.07.13"]
[Round "7.5"]
[White "Salim Issa, Ali Shamas"]
[Black "Barakat, Dilkhwaz"]
[Result "0-1"]
[WhiteElo "2041"]
[BlackElo "1809"]
[PlyCount "56"]
[EventDate "2020.07.13"]
[EventType "swiss"]
[EventRounds "7"]
[EventCountry "JOR"]
[SourceTitle "EXT 2024"]
[Source "ChessBase"]
[SourceDate "2023.10.10"]
[SourceVersion "1"]
[SourceVersionDate "2023.10.10"]
[SourceQuality "1"]

1. d4 f5 2. c4 Nf6 3. Nc3 e6 4. e3 c6 5. Bd3 d5 6. Nge2 Bd6 7. f3 0-0 8. 0-0 Qe8 9. Bd2 Qh5 10. h3 g5 11. e4 fxe4 12. fxe4 dxe4 13. Nxe4 Nxe4 14. Rxf8+ Kxf8 15. Bxe4 g4 16. Bf4 e5 17. Ng3 Qh4 18. dxe5 Bc5+ 19. Kf1 gxh3 20. Qf3 hxg2+ 21. Ke2 Bg4 22. Bh6+ Kg8 23. Nf5 Bxf3+ 24. Bxf3 Qf2+ 25. Kd3 Qxf3+ 26. Ne3 Bxe3 27. Bxe3 Nd7 28. e6 Ne5+ 0-1